<?xml version="1.0" encoding="UTF-8"?>
<collection xmlns="http://www.loc.gov/MARC21/slim">
 <record>
  <leader>01344nam a2200205 a 4500</leader>
  <controlfield tag="001">1/40203</controlfield>
  <controlfield tag="008">100706r20102009gr       d    00010 gre d</controlfield>
  <datafield tag="020" ind1=" " ind2=" ">
   <subfield code="a">9789608975187</subfield>
  </datafield>
  <datafield tag="035" ind1=" " ind2=" ">
   <subfield code="l">42957</subfield>
  </datafield>
  <datafield tag="040" ind1=" " ind2=" ">
   <subfield code="a">GR-PeUP</subfield>
  </datafield>
  <datafield tag="082" ind1="0" ind2="0">
   <subfield code="a">R 489.3'03 ΜΠΑ</subfield>
  </datafield>
  <datafield tag="100" ind1="1" ind2=" ">
   <subfield code="a">Μπαμπινιώτης, Γεώργιος Δ.,</subfield>
   <subfield code="d">1939-</subfield>
  </datafield>
  <datafield tag="245" ind1="1" ind2="0">
   <subfield code="a">Ετυμολογικό λεξικό της νέας ελληνικής γλώσσας :</subfield>
   <subfield code="b">ιστορία των λέξεων : με σχόλια και ένθετους πίνακες /</subfield>
   <subfield code="c">Γεώργιου Δ. Μπαμπινιώτη.</subfield>
  </datafield>
  <datafield tag="250" ind1=" " ind2=" ">
   <subfield code="a">2η ανατ.</subfield>
  </datafield>
  <datafield tag="260" ind1="0" ind2=" ">
   <subfield code="a">Αθήνα :</subfield>
   <subfield code="b">Κέντρο Λεξικολογίας,</subfield>
   <subfield code="c">2009, 2010.</subfield>
  </datafield>
  <datafield tag="300" ind1=" " ind2=" ">
   <subfield code="a">1652 σ. ;</subfield>
   <subfield code="c">24 εκ.</subfield>
  </datafield>
  <datafield tag="500" ind1=" " ind2=" ">
   <subfield code="a">Έγκυρη επιστημονική πληροφόρηση για την προέλευση των λέξεων για την εξέλιξη της σημασίας τους για τα δάνεια και αντιδάνεια της Ελληνικής για τα ομόρριζα-παράγωγα-σύνθετα.</subfield>
  </datafield>
  <datafield tag="650" ind1=" " ind2="4">
   <subfield code="a">Ελληνική γλώσσα, Νέα</subfield>
   <subfield code="x">Λεξικά.</subfield>
  </datafield>
  <datafield tag="852" ind1=" " ind2=" ">
   <subfield code="a">INST</subfield>
   <subfield code="b">UNIPILB</subfield>
   <subfield code="c">REF</subfield>
   <subfield code="e">20100706</subfield>
   <subfield code="h">R 489.3'03 ΜΠΑ</subfield>
   <subfield code="p">00161586</subfield>
   <subfield code="q">00161586</subfield>
   <subfield code="t">NOLOAN</subfield>
   <subfield code="y">23</subfield>
   <subfield code="4">1</subfield>
  </datafield>
  <datafield tag="852" ind1=" " ind2=" ">
   <subfield code="a">INST</subfield>
   <subfield code="b">UNIPILB</subfield>
   <subfield code="c">REF</subfield>
   <subfield code="e">20100706</subfield>
   <subfield code="h">R 489.3'03 ΜΠΑ</subfield>
   <subfield code="p">00161587</subfield>
   <subfield code="q">00161587</subfield>
   <subfield code="t">NOLOAN</subfield>
   <subfield code="y">23</subfield>
   <subfield code="4">2</subfield>
  </datafield>
 </record>
</collection>
